Slovenská asociácia podnikových finančníkov

Vznik, vývoj a ciele Slovenskej asociácie podnikových finančníkov (SAF). Zámery činnosti odborných komisií SAF v roku 2000. Štruktúra členov SAF. Orgány SAF.

Salvato in:
Dettagli Bibliografici
Autore principale: Okruhlica, František
Natura: Capitolo di libro
Lingua:slovacco
Soggetti:
Tags: Aggiungi Tag
Nessun Tag, puoi essere il primo ad aggiungerne!!

MARC

LEADER 00000naa a2200000 4500
001 r038477
005 20230824105126.4
041 0 |a slo 
044 |a SK 
245 1 0 |a Slovenská asociácia podnikových finančníkov  |c František Okruhlica 
520 |a Vznik, vývoj a ciele Slovenskej asociácie podnikových finančníkov (SAF). Zámery činnosti odborných komisií SAF v roku 2000. Štruktúra členov SAF. Orgány SAF. 
610 2 0 |a Slovenská asociácia podnikových finančníkov Bratislava 
610 2 0 |a združenia 
610 2 0 |a združenia 
610 2 0 |a odbornosť 
610 2 0 |a financie podnikové 
610 2 0 |a financovanie podnikov 
610 2 0 |a Slovensko 
100 1 |a Okruhlica, František